Spotrebné úvery na Slovensku z pohľadu finančnej matematiky bakalárska práca

Salvato in:
Dettagli Bibliografici
Autore principale: Kuľková, Katarína
Ente Autore: Fakulta hospodárskej informatiky EU. Katedra matematiky
Altri autori: Kaderová, Andrea
Natura: Libro
Lingua:slovacco
Pubblicazione: Bratislava 2011
Tags: Aggiungi Tag
Nessun Tag, puoi essere il primo ad aggiungerne!!

MARC

LEADER 00000nbm a2200000 4500
001 0140973
005 20161109111725.3
041 0 |a slo 
044 |a SK 
245 1 0 |a Spotrebné úvery na Slovensku z pohľadu finančnej matematiky  |b bakalárska práca  |c Katarína Kuľková ; školiteľ: Andrea Kaderová 
264 1 |a Bratislava  |c 2011 
300 |a 46 s. 
100 1 |a Kuľková, Katarína 
700 1 |a Kaderová, Andrea 
710 2 |a Fakulta hospodárskej informatiky EU. Katedra matematiky